| 000 | 00352nam a2200121Ia 4500 | ||
|---|---|---|---|
| 008 | 220901s9999||||xx |||||||||||||| ||und|| | ||
| 082 | _a620.5 CAO | ||
| 100 | _aCao, Jian | ||
| 245 | 0 | _aJournal of micro and nano manufacturing | |
| 250 | _aVol. 3 Issue. 1,2,3 & 4 | ||
| 260 |
_bAmerican Society for Mechanical Engineers _c2015 |
||
| 650 | _amanufacturing | ||
| 999 |
_c193983 _d193983 |
||